| 000 | 00434cam a2200181 4500 | ||
|---|---|---|---|
| 001 | M2148 | ||
| 008 | 090401t1884 xxu||||| |||| 00| 0 eng d | ||
| 035 | _a(Sirsi) u36739 | ||
| 041 | _aeng | ||
| 050 | _a692.5 | ||
| 245 | _aQuantity surveyors` tables, &c. | ||
| 260 |
_aLondon _bMetchim & Son _c1884 |
||
| 300 | _a48p. ; 10x6cm. | ||
| 350 | _a0 | ||
| 690 | _aBUILT ENVIRONMENT-BUILDING COSTS | ||
| 942 | _n0 | ||
| 948 | _c04/03/1997 | ||
| 999 |
_c90375 _d90375 |
||